|
|
|
|
| LEADER |
00000cam a2200000 7i4500 |
| 001 |
0000044540 |
| 005 |
20151222.0 |
| 008 |
150106 |
| 020 |
|
|
|a 9670361642
|
| 090 |
0 |
0 |
|a JF
|b CUS MAL
|
| 100 |
1 |
|
|a Mas Anom Musdar
|
| 245 |
1 |
0 |
|a Hargai alat muzik tradisional kita
|c Mas Anom Musdar
|
| 260 |
|
|
|a Petaling Jaya :
|b Anugerah Pub. ,
|c 2014
|
| 440 |
|
|
|a Cerita warisan tradisional kita
|
| 500 |
|
|
|a Children ages 7-9 years old (orange)
|
| 650 |
|
0 |
|a Folk literature, Malay
|
| 650 |
|
0 |
|a Folk music
|z Malaysia
|
| 650 |
|
0 |
|a Musicals instruments
|z Malaysia
|
| 999 |
|
|
|a 0001307923
|b Book
|c Children Collection
|e Cawangan Pontian
|
| 999 |
|
|
|a 0001307925
|b Book
|c Children Collection
|e Cawangan Segamat
|
| 999 |
|
|
|a 0001307927
|b Book
|c Baby
|e Cawangan Taman Sri Lambak
|
| 999 |
|
|
|a 0001307932
|b Book
|c Children Collection
|e Cawangan Mersing
|
| 999 |
|
|
|a 0001307934
|b Book
|c Children Collection
|e Cawangan Tmn. Ungku Tun Aminah
|
| 999 |
|
|
|a 0001324612
|b Book
|c Children Collection
|e Perbadanan Perpustakaan Awam Johor
|
| 999 |
|
|
|a 0001324613
|b Book
|c Children Collection
|e Cawangan Urban Transformation Centre
|